Exteriér športového elektromobilu

Enregistré dans:
Détails bibliographiques
Auteur principal: Vojtaško, Jakub (Auteur)
Autres auteurs: Paliatka, Peter (Directeur de thèse)
Format: Manuscrit Livre
Langue:slovaque
Publié: Bratislava 2018
Sujets:
Accès en ligne:http://is.stuba.sk/zp/portal_zp.pl?podrobnosti=139667
Tags: Ajouter un tag
Pas de tags, Soyez le premier à ajouter un tag!

MARC

LEADER 00000ntm a22000003a 4500
001 stuzp69860
003 SK-STU
005 20210115093722.7
007 ta
008 150427s2015----xo-----f-mn---000-0-slo-d
040 |a STU  |b slo 
041 0 |a slo 
100 1 |a Vojtaško, Jakub  |u 059190  |4 aut  |U FAD Fakulta architektúry  |T FA Ústav dizajnu  |X 70436  |U A9190  |Y 400  |7 70436 
242 0 1 |a Exterior sports car  |y eng 
245 1 0 |a Exteriér športového elektromobilu 
260 |c 2018  |a Bratislava 
650 4 |a elektromobil  |2 slo 
650 4 |a športový automobil  |2 slo 
650 4 |a dizajn exteriéru  |2 slo 
650 4 |a karoséria  |2 slo 
650 4 |a Tesla  |2 slo 
650 4 |a aerodynamika  |2 slo 
650 4 |a koncept GEKON  |2 slo 
650 4 |a electric car  |2 eng 
650 4 |a sports electric car  |2 eng 
650 4 |a exterior design  |2 eng 
650 4 |a bodywork  |2 eng 
650 4 |a Tesla  |2 eng 
650 4 |a aerodynamics  |2 eng 
650 4 |a concept GEKON  |2 eng 
700 1 |a Paliatka, Peter  |u 059190  |k Z1  |4 ths  |U FAD Fakulta architektúry  |T FA Ústav dizajnu  |X 332  |U A9190  |Y 400  |7 A000000332 
856 4 |u http://is.stuba.sk/zp/portal_zp.pl?podrobnosti=139667  |u https://opac.crzp.sk/?fn=detailBiblioForm&sid=752BE197E3AE405D458BF979404B